| 000 | 00929cam a22002411a 4500 | ||
|---|---|---|---|
| 001 | ne 66000259 | ||
| 003 | DLC | ||
| 005 | 20260227111820.0 | ||
| 008 | 850116s1965 ua 001 0 arar | ||
| 010 | _ane 66000259 | ||
| 035 | _a(OCoLC)11587797 | ||
| 040 |
_aDLC _cTxU-L _dTxU-L _dDLC |
||
| 042 | _apremarc | ||
| 050 | 0 | 0 |
_aKMJ2764 _b.A99 1965 |
| 100 | 1 | _aAyyūbī, ʻAbd al-Raḥmān Nūrjān. | |
| 245 | 1 | 3 |
_aal-Qaḍāʼ al-idārī fī al-ʻIrāq : _bḥādiruhu wa mustaqbaluh,dirāsah muqāranah, Le contentieuz administratif en Irak dans le prʹesent et l'avenir; ʹetude comparʹee / _cʻAbd al-Raḥmān Nūrjān al-ʻAyyūbī. |
| 260 |
_aal-Qāhirah : _bDār wa Maṭābiʻ al-Shaʻb, _c1965. |
||
| 300 |
_a514, 4 p. : _bport. ; _c24 cm. |
||
| 502 | _aRisālat al-Duktūrāh-Jāmiʻat al-Qāhirah. | ||
| 500 | _aIncludes index. | ||
| 504 | _aBibliography: p. 495-502. | ||
| 650 | 0 |
_aAdministrative procedure _zIraq. |
|
| 999 |
_c48674 _d48674 |
||